000 00365pam a2200157a 44500
008 230515b1987 xxu||||| |||| 00| 0 eng d
020 _aNULL
041 _aENGL
082 _a658.7 /ALL
100 _aALLEGRI T.H.
245 _aMATERIAL HANDLING PRINCIPLES AND PRACTICE
250 _aN.D.
260 _aNULL
_bC.B.S
_c1987
300 _a516 HB
650 _aNULL
999 _c620255
_d620255